MARC details
| 000 -CABECERA |
| campo de control de longitud fija |
01174nam a2200301 i 4500 |
| 003 - IDENTIFICADOR DEL NÚMERO DE CONTROL |
| campo de control |
DO-SdBNP |
| 005 - FECHA Y HORA DE LA ÚLTIMA TRANSACCIÓN |
| campo de control |
20250529142620.0 |
| 007 - CAMPO FIJO DE DESCRIPCIÓN FÍSICA--INFORMACIÓN GENERAL |
| campo de control de longitud fija |
ta |
| 008 - DATOS DE LONGITUD FIJA--INFORMACIÓN GENERAL |
| campo de control de longitud fija |
250529b2024 ag ac||| |||| 00| 0 spa d |
| 020 ## - NÚMERO INTERNACIONAL ESTÁNDAR DEL LIBRO |
| Número Internacional Estándar del Libro |
9789930955116 |
| 040 ## - FUENTE DE LA CATALOGACIÓN |
| Centro catalogador/agencia de origen |
DO-SdBNP |
| Lengua de catalogación |
spa |
| Centro/agencia transcriptor |
BNPHU |
| Normas de descripción |
rda |
| 082 #4 - NÚMERO DE LA CLASIFICACIÓN DECIMAL DEWEY |
| Número de clasificación |
xxx |
| Número de documento/Ítem |
xxx |
| Número de edición |
22 |
| 110 1# - ENTRADA PRINCIPAL--NOMBRE DE ENTIDAD CORPORATIVA |
| Nombre de entidad corporativa o nombre de jurisdicción como elemento de entrada |
Sociedad Iberoamericana de Neonatología (SIBEN) |
| 9 (RLIN) |
87769 |
| 245 10 - MENCIÓN DE TÍTULO |
| Título |
Clínicas de enfermería / |
| Mención de responsabilidad, etc. |
editores, María Teresa Montes Bueno, Ana Quiroga, Augusto Sola |
| 250 ## - MENCIÓN DE EDICIÓN |
| Mención de edición |
Segunda edición |
| 264 #4 - PRODUCCIÓN, PUBLICACIÓN, DISTRIBUCIÓN, FABRICACIÓN Y COPYRIGHT |
| Producción, publicación, distribución, fabricación y copyright |
Buenos Aires, Argentina : |
| Nombre del de productor, editor, distribuidor, fabricante |
Sociedad Iberoamericana de Neonatología (SIBEN) |
| Fecha de producción, publicación, distribución, fabricación o copyright |
©2024. |
| 300 ## - DESCRIPCIÓN FÍSICA |
| Extensión |
volumen : |
| Otras características físicas |
ilustraciones, retratos ; |
| Dimensiones |
30 cm. |
| 336 ## - TIPO DE CONTENIDO |
| Término de tipo de contenido |
texto |
| Código de tipo de contenido |
txt |
| Fuente |
rdacontent |
| 337 ## - TIPO DE MEDIO |
| Nombre/término del tipo de medio |
sin mediación |
| Código del tipo de medio |
n |
| Fuente |
rdamedia |
| 338 ## - TIPO DE SOPORTE |
| Nombre/término del tipo de soporte |
volumen |
| Código del tipo de soporte |
nc |
| Fuente |
rdacarrier |
| 505 ## - NOTA DE CONTENIDO CON FORMATO |
| Nota de contenido con formato |
v.1-- |
| Título |
Cuidados respiratorios -- |
| Información miscelánea |
v.2-- |
| Título |
Cuidados infectológicos -- |
| Información miscelánea |
v.3-- |
| Título |
Administración de medicamentos por vía endovenosa. |
| 590 ## - NOTA LOCAL (RLIN) |
| Nota local |
Inventariado, 2025/BT |
| 700 1# - PUNTO DE ACCESO ADICIONAL--NOMBRE DE PERSONA |
| Nombre de persona |
Montes Bueno, María Teresa, |
| Término indicativo de función/relación |
editor |
| Código de función/relación |
ed. |
| 9 (RLIN) |
87909 |
| 700 1# - PUNTO DE ACCESO ADICIONAL--NOMBRE DE PERSONA |
| Nombre de persona |
Quiroga, Ana, |
| Término indicativo de función/relación |
editor |
| Código de función/relación |
ed. |
| 9 (RLIN) |
87910 |
| 700 1# - PUNTO DE ACCESO ADICIONAL--NOMBRE DE PERSONA |
| Nombre de persona |
Sola, Augusto, |
| Término indicativo de función/relación |
editor |
| Código de función/relación |
ed. |
| 9 (RLIN) |
87911 |
| 910 ## - DATOS DE OPCIÓN DEL USUARIO (OCLC) |
| Datos de opción del usuario |
Btavárez |
| 942 ## - ELEMENTOS DE PUNTO DE ACCESO ADICIONAL (KOHA) |
| Fuente del sistema de clasificación o colocación |
Dewey Decimal Classification |
| Tipo de ítem Koha |
Libro |